000 00715cam a22002413a 4500
001 6719
003 PGUSA
005 20140828083136.0
008 041001s2004||||xxu|||||s|||||000 1 eng d
040 _aPGUSA
_beng
042 _adc
050 4 _aPS
100 1 _aRoe, Edward Payson,
_d1838-1888
245 1 4 _aThe Earth Trembled
_h[electronic resource] /
_cEdward Payson Roe
260 _bProject Gutenberg,
_c2004
506 _aPublic domain in the USA.
516 _aElectronic text
653 _aSouth Carolina -- History -- 1865- -- Fiction
653 _aCharleston Earthquake, S.C., 1886 -- Fiction
830 0 _aProject Gutenberg
_v6719
856 4 0 _uhttp://www.gutenberg.org/ebooks/6719
942 _cEB
999 _c236039
_d236039